UBT Library

The Anatomy of Fashion (Record no. 56692)

000 -LEADER
fixed length control field 00279nam a22001337a 4500
008 - FIXED-LENGTH DATA ELEMENTS--GENERAL INFORMATION
fixed length control field 210323b ||||| |||| 00| 0 eng d
041 ## - LANGUAGE CODE
Language code of text/sound track or separate title eng
080 ## - UNIVERSAL DECIMAL CLASSIFICATION NUMBER
Universal Decimal Classification number 7
082 ## - DEWEY DECIMAL CLASSIFICATION NUMBER
Classification number 7
100 ## - Rafti
Rafti 44
101 ## - Shkurtesa
Shkurtesa ART
245 ## - TITLE STATEMENT
Title The Anatomy of Fashion
Statement of responsibility, etc Dowell,C.M
942 ## - ADDED ENTRY ELEMENTS (KOHA)
Source of classification or shelving scheme
Item type Books
Holdings
Withdrawn status Lost status Source of classification or shelving scheme Damaged status Not for loan Collection code Permanent location Current location Shelving location Date acquired Total Checkouts Full call number Barcode Date last seen Price effective from Koha item type
          Koleksioni i përgjithshem UBT - Lipjan UBT - Lipjan Koleksioni i përgjithshem 03/23/2021   7 DOW 002-7001236 03/23/2021 03/23/2021 Books
UBT Library © 2015-2024. All rights reserved University Education for Business and Technology